Ozubnicovou železnicou stodesať rokov

Bibliographic Details
Format: Article
Language:Slovak
PhysicalDescription:Fotogr.
Subjects:
Online Access:www.vysoketatry.sk

MARC

LEADER 00000nab a2200000 ar4500
001 vtls008996269
003 SK-MaSNL
005 20260303204014.0
008 180911c2007 xo er|p|||||||000 b|slo
038 |a PPPK 
040 |a PPPKCL  |b slo  |c PPPKCL  |e AACR2 
041 0 |a slo 
044 |a xo  |c SK 
080 |a 625.33  |2 1997 
245 0 0 |a Ozubnicovou železnicou stodesať rokov  |c [autor] (luci) 
300 |b Fotogr. 
648 7 |a 1896-2006  |2 pppkcl  |9 474382 
650 0 7 |a ozubnicové železnice  |2 pppkcl  |9 51011 
651 7 |a Vysoké Tatry (Poľsko a Slovensko : pohorie)  |2 SNKPHgeo  |9 67729 
651 7 |a Tatranská Štrba (Štrba, Slovensko)  |x železnice  |2 pppkcl  |9 1237218 
651 7 |a Štrbské Pleso (Štrba, Slovensko)  |2 pppkcl  |9 174790 
773 0 |t Tatranský dvojtýždenník  |g Roč. XVII, č. 21 (2006), s. 8 
852 |a PPPK  |b KIS3GCP 
856 |u www.vysoketatry.sk 
999 |c 2188024  |d 2189954